Представление документа в формате RUSMARC

ПолеНазваниеЗначение
  Тип записи a
  Библиографический уровень m
001 Контрольный номер UONB/MAIN/583e3aa5c1d14fb7a80970336fb54a99
005 Дата корректировки 20260401140419.4
010 Индекс ISBN __
d Цена 75 к.
9 Тираж 1000 экз.
100 Данные общей обработки __
a Данные общей обработки 20260401d1979 m y0rusy0189 ca
101 Язык документа 0_
a Язык текста rus
102 Страна публикации __
a Страна публикации RU
105 Кодированные данные (монография) __
a Кодированные данные (монография) a z 001yy
200 Заглавие и сведения об ответственности 1_
a Заглавие Иммунизация растений против патогенного действия вирусов
f Первые сведения об ответственности К. С. Сухов, Т. С. Подъяпольская, Л. И. Извекова
g Последующие сведения об ответственности Академия наук СССР, Институт общей генетики
203 Вид содержания и тип средства __
a Вид содержания Текст
b Характеристика содержания визуальный
c Тип средства непосредственный
210 Выходные данные 1_
a Место издания Москва
c Издательство Наука
d Дата издания 1979
215 Физическое описание __
a Объем 87 с.
c Иллюстрации/тип воспроизводства ил.
d Формат 20 см
320 Библиография __
a Библиография Библиогр.: с. 78-86
606 Тематические рубрики 0_
a Основная рубрика Сельскохозяйственные культуры
x Основная подрубрика Иммунитет
606 Тематические рубрики 0_
a Основная рубрика Сельскохозяйственные культуры
x Основная подрубрика Болезни вирусные
x Основная подрубрика Профилактика и борьба
610 Ключевые слова 0_
a Ключевые слова болезни вирусные; профилактика и борьба; сельскохозяйственные культуры; иммунитет
686 Индексы других классификаций __
a Классификационный индекс 44.7-3
2 Код системы rubbk
700 Автор _1
a Фамилия Сухов
b Имя (инициалы) К. С.
g Полное личное имя Константин Степанович
701 Альтернативная интеллектуальная ответственность _1
a Фамилия Подъяпольская
b Имя (инициалы) Т. С.
701 Альтернативная интеллектуальная ответственность _1
a Фамилия Извекова
b Имя (инициалы) Л. И.
801 Источник записи _0
a Страна RU
b Организация Ульяновская ОНБ
c Дата составления 20260401
g Правила каталогизации RCR
801 Источник записи _1
a Страна RU
b Организация Ульяновская ОНБ
c Дата составления 20260401
g Правила каталогизации RCR
901 Тип документа __
t Тип документа m
909 Создатель записи __
a Создатель записи Моргунова
b Дата создания записи 20260401